| 000 | 01018nam a22003017a 4500 | ||
|---|---|---|---|
| 003 | CHAP | ||
| 005 | 20220329143742.0 | ||
| 008 | 110607s1968 mx r 00010 spa d | ||
| 010 | _a101434 | ||
| 011 | _a102406 | ||
| 035 | _a113094 | ||
| 040 | _cCHAP | ||
| 090 | _aTesis | ||
| 100 | 1 |
_aRocha González, Manuel Gerardo. _998182 |
|
| 245 | 1 | 4 |
_aLas finanzas publicas del Estado de México _c/por Manuel Gerardo Rocha González |
| 260 |
_aMéxico, D.F. : _bEl autor, _c1968 |
||
| 300 |
_a217 h. : _bilus. |
||
| 502 | _aTesis (Lic. en Economia) -- UNAM. Escuela Nacional de Economia | ||
| 590 |
_aALEPH _b10 _c20130110 _lUCH01 _h1540 |
||
| 590 |
_aBATCH-UPD _b10 _c20130410 _lUCH01 _h1206 |
||
| 590 |
_aBATCH-UPD _b10 _c20130914 _lUCH01 _h1410 |
||
| 590 |
_aCONVERSION _b10 _c20130109 _lUCH01 _h1356 |
||
| 650 | 1 | 4 |
_aFinanzas públicas _xMéxico (Edo.) _940969 |
| 650 | 1 | 4 |
_aIngresos _xMéxico (Edo.) _958398 |
| 901 | _aBK | ||
| 942 | _cTESIS | ||
| 949 |
_aTesis _bBC _cTES _d33724002247793 _eTS1 _gDonaciØn _h52364 _i113094 _sb |
||
| 999 |
_c101434 _d101434 |
||